000 00900nam a2200277 i 4500
001 000044830
003 DO-SdBNP
005 20250211083314.0
007 ta
008 150113s2014 dr 000 j spa d
020 _a9789945166156
040 _aDO-SdBNP
_bspa
_cBNPHU
_erda
041 _aspa
082 4 _aRD863.44
_bZ35p
_222
100 1 _aZapata, César Augusto,
_d1959 -
_eautor
_4aut.
_972848
245 1 0 _aPara todos nosotros caerá la noche :
_bcuentos casi fantásticos /
_cCésar Augusto Zapata.
264 4 _aSanto Domingo :
_bEditora Búho,
_c©2014.
300 _a192 páginas ;
_c22 cm.
336 _atexto
_btxt
_2rdacontent
337 _asin mediación
_bn
_2rdamedia
338 _avolumen
_bnc
_2rdacarrier
500 _aIncluye datos biográficos en la solapa de la cubierta
590 _aInventariado, 2022/BT
910 _aValidado. Control de calidad MFF
942 _2ddc
_cLBS1
999 _c44319
_d44319